Iluminaciones

Guardat en:
Dades bibliogràfiques
Autor principal: Rimbaud, Jean Nicolas Arthur (Autor)
Format: Llibre
Idioma:francès
espanyol
Publicat: Madrid Hiperión 1995
Col·lecció:Poesía Hiperión, 75
Matèries:
Etiquetes: Afegir etiqueta
Sense etiquetes, Sigues el primer a etiquetar aquest registre!

MARC

LEADER 00000nam a2200000 a 4500
001 UCQ1026
003 CL-VaPUC
008 980703e19950000SP |||||||||||||||||fre|d
041 0 7 |a fre  |2 CL-VaPUC 
041 0 7 |a spa  |2 CL-VaPUC 
082 0 4 |a 841  |b RIM  |2 21 
100 0 |a Rimbaud, Jean Nicolas Arthur  |e author  |9 269466 
245 1 0 |a Iluminaciones 
246 1 0 |a Iluminations 
300 |a 204 p 
942 |c BK 
945 |d 19980703 00:00:00  |a mvenant 
260 |a Madrid  |b Hiperión  |c 1995 
650 0 |a Poesías francesas  |9 265467 
583 |a last modification  |c 19980703 00:00:00  |k Rodrigo Vera 
490 0 |a Poesía Hiperión, 75 
999 |c 272037  |d 272035 
952 |0 0  |1 0  |4 0  |6 841_000000000000000_RIM_1995  |7 0  |8 R  |9 306866  |a BIBART  |b BIBART  |d 2019-11-20  |i 344175K  |l 4  |m 3  |o 841 RIM 1995  |p 344175K  |r 2025-03-13  |s 2024-04-25  |w 2019-11-20  |y BK_R  |k ART